<?xml version="1.0" encoding="UTF-8"?>
<collection xmlns:xsi="http://www.w3.org/2001/XMLSchema-instance" xsi:schemaLocation="http://www.loc.gov/MARC21/slim http://www.loc.gov/standards/marcxml/schema/MARC21slim.xsd" xmlns="http://www.loc.gov/MARC21/slim">
 <record>
  <leader>00000cam a22000003i 4500</leader>
  <controlfield tag="001">UP-1685594773861985970</controlfield>
  <controlfield tag="003">Buklod</controlfield>
  <controlfield tag="005">20150420135019.0</controlfield>
  <controlfield tag="006">g||| |     ||   ||</controlfield>
  <controlfield tag="007">ta</controlfield>
  <controlfield tag="008">150505s2002    caua    rb   |||1 u|eng d</controlfield>
  <datafield tag="020" ind1=" " ind2=" ">
   <subfield code="a">0520232313</subfield>
  </datafield>
  <datafield tag="035" ind1=" " ind2=" ">
   <subfield code="a">(iLib)UPBAG-00016918631</subfield>
  </datafield>
  <datafield tag="040" ind1=" " ind2=" ">
   <subfield code="a">DLC</subfield>
   <subfield code="d">BAG</subfield>
   <subfield code="e">rda</subfield>
  </datafield>
  <datafield tag="041" ind1="0" ind2=" ">
   <subfield code="a">eng</subfield>
  </datafield>
  <datafield tag="090" ind1=" " ind2=" ">
   <subfield code="a">P 94.6</subfield>
   <subfield code="b">M47 2002</subfield>
  </datafield>
  <datafield tag="245" ind1="0" ind2="0">
   <subfield code="a">Media worlds</subfield>
   <subfield code="b">anthropology on new terrain</subfield>
   <subfield code="c">edited by Faye D. Ginsburg, Lila Abu-Lughod, and Brian Larkin.</subfield>
  </datafield>
  <datafield tag="264" ind1=" " ind2="1">
   <subfield code="a">Berkeley, California</subfield>
   <subfield code="b">University of California Press</subfield>
   <subfield code="c">©2002.</subfield>
  </datafield>
  <datafield tag="300" ind1=" " ind2=" ">
   <subfield code="a">xvi, 413 pages</subfield>
   <subfield code="b">illustrations</subfield>
   <subfield code="c">23 cm</subfield>
  </datafield>
  <datafield tag="504" ind1=" " ind2=" ">
   <subfield code="a">Includes bibliographical references and index.</subfield>
  </datafield>
  <datafield tag="505" ind1="0" ind2=" ">
   <subfield code="a">Screen memories: resignifying the traditional in indigenous media -- Visual media and the primitivist perplex:colonial fantasies, indigenous imagination, and advocacy in North America -- Representation, politics, and cultural imagination in indigenous video:general points and kayapo examples -- Spectacles of difference:cultural activism and the mass media of Tibet -- Egyptian melodrama -- technology of the modern subject? -- Epic contests: television and religious identity in India-- The National picture: Thai media and cultural identity -- Television,time and the National imaginary in Belize -- Mass media and transnational subjectivity in Shanghai:notes on (Re) cosmopolitanism in a Chinese metropolis -- A Marshall plan of the mind: the political economy of Kazakh soap opera -- Mapping among media in diasporic space -- Putting American public television documentary in its places -- Culture in the ad world: producing the Latin look -- &quot;And yet my heart is still Indian&quot;: the Bombay film industry and the (H) Indianization of Hollywood -- Arrival scenes: complicity and media ethnography in the Bolivian public sphere -- The Materiality of cinema theaters in Northern Nigeria -- Mobile machines and fluid audiences:rethinking reception through Zambian radio culture -- The Indian work of art in the age of mechanical reproduction:or, what happens when peasants &quot;get hold&quot; of images -- Live or dead?televising theater in Bali -- A Room with a voice: mediation and mediumship in Thailand's information age.</subfield>
  </datafield>
  <datafield tag="650" ind1=" " ind2="0">
   <subfield code="a">Mass media and culture.</subfield>
  </datafield>
  <datafield tag="700" ind1="1" ind2=" ">
   <subfield code="a">Ginsburg, Faye D.</subfield>
   <subfield code="e">editor.</subfield>
  </datafield>
  <datafield tag="700" ind1="1" ind2=" ">
   <subfield code="a">Abu-Lughod, Lila</subfield>
   <subfield code="e">editor.</subfield>
  </datafield>
  <datafield tag="700" ind1="1" ind2=" ">
   <subfield code="a">Larkin,Brian</subfield>
   <subfield code="e">editor.</subfield>
  </datafield>
  <datafield tag="905" ind1=" " ind2=" ">
   <subfield code="a">FO</subfield>
  </datafield>
  <datafield tag="852" ind1="0" ind2=" ">
   <subfield code="a">UPBAG</subfield>
   <subfield code="b">UPBAG-MAIN</subfield>
   <subfield code="h">P 94.6 M47 2002</subfield>
  </datafield>
  <datafield tag="942" ind1=" " ind2=" ">
   <subfield code="a">Book</subfield>
  </datafield>
 </record>
</collection>
